Projektové riadenie a podnikateľ

Základná charakteristika projektového riadenia. Hlavný nástroj a organizácia projektového riadenia. Obstarávanie a projektové riadenie. Riadenie realizácie projektu. Projektové riadenie vo svete. Charakter projektového riadenia firmy a jeho výhody.

Enregistré dans:
Détails bibliographiques
Auteur principal: Vlach, Jiří
Format: Chapitre de livre
Langue:slovaque
Sujets:
Tags: Ajouter un tag
Pas de tags, Soyez le premier à ajouter un tag!

MARC

LEADER 00000naa a2200000 4500
001 r033595
005 20230919065943.3
041 0 |a slo 
044 |a SK 
245 1 0 |a Projektové riadenie a podnikateľ  |c Jiří Vlach 
520 |a Základná charakteristika projektového riadenia. Hlavný nástroj a organizácia projektového riadenia. Obstarávanie a projektové riadenie. Riadenie realizácie projektu. Projektové riadenie vo svete. Charakter projektového riadenia firmy a jeho výhody. 
610 2 0 |a riadenie projektové 
610 2 0 |a firmy 
610 2 0 |a podnikatelia 
610 2 0 |a projekty 
610 2 0 |a obstarávanie 
610 2 0 |a projekty investičné 
610 2 0 |a ciele podnikové 
100 1 |a Vlach, Jiří